Management contracting considered (Record no. 68493)
[ view plain ]
| 000 -LEADER | |
|---|---|
| fixed length control field | 01030cam a2200193 4500 |
| 001 - CONTROL NUMBER | |
| control field | ABS64475 |
| 008 - FIXED-LENGTH DATA ELEMENTS--GENERAL INFORMATION | |
| fixed length control field | 011005n2001 000 0 eng u |
| 035 ## - SYSTEM CONTROL NUMBER | |
| System control number | (Sirsi) u115012 |
| 245 ## - TITLE STATEMENT | |
| Title | Management contracting considered |
| 260 ## - PUBLICATION, DISTRIBUTION, ETC. | |
| Date of publication, distribution, etc. | 2001 |
| 490 ## - SERIES STATEMENT | |
| Series statement | Contract Journal |
| Volume/sequential designation | 410(6347) 3 October 2001, 25(1) |
| 520 ## - SUMMARY, ETC. | |
| Summary, etc. | Looks at management contracting and suggests that clients are shying away from using this form of procurement. Discusses "De Gruchy Holdings Ltd v House of Fraser (Stores) Ltd", which examined the operation of a management contract where the proper procedures had not been adhered to. Notes the main implication of this case - that the courts will look for a practical resolution to reflect the parties' conduct, despite failure to observe the strict contractual mechanisms. |
| 590 ## - LOCAL NOTE (RLIN) | |
| Local note | ABS |
| 650 ## - SUBJECT ADDED ENTRY--TOPICAL TERM | |
| Topical term or geographic name entry element | DE GRUCHY HOLDINGS LTD V HOUSE OF FRASER (STORES) LTD |
| 650 ## - SUBJECT ADDED ENTRY--TOPICAL TERM | |
| Topical term or geographic name entry element | MANAGEMENT CONTRACTS |
| 650 ## - SUBJECT ADDED ENTRY--TOPICAL TERM | |
| Topical term or geographic name entry element | CONTRACT PROCEDURES |
| 690 ## - LOCAL SUBJECT ADDED ENTRY--TOPICAL TERM (OCLC, RLIN) | |
| Topical term or geographic name as entry element | BUILT ENVIRONMENT-BUILDING CONTRACT FORMS |
| 942 ## - ADDED ENTRY ELEMENTS (KOHA) | |
| Suppress in OPAC | 0 |
| Withdrawn status | Lost status | Source of classification or shelving scheme | Damaged status | Not for loan | Home library | Current library | Shelving location | Date acquired | Total Checkouts | Full call number | Barcode | Date last seen | Copy number | Price effective from | Koha item type |
|---|---|---|---|---|---|---|---|---|---|---|---|---|---|---|---|
| Dewey Decimal Classification | London | London | Journal article | 05/10/2001 | ABS64475 | 115012-1001 | 06/08/2019 | 1 | 06/08/2019 | Journal article |